| 000 | 00694nam a2200181Ia 4500 | ||
|---|---|---|---|
| 008 | 151202s9999||||xx |||||||||||||| ||und|| | ||
| 082 | _bPNVM-66218 | ||
| 100 | _aकुलकर्णी अनिल. | ||
| 245 | _aतळ्याकाठच्या सावल्या. | ||
| 260 | _b"ब्लू बर्ड इंडिया लिमिटेड, पुणे." | ||
| 260 | _c2008 | ||
| 300 | _a275 | ||
| 600 | _aकुलकर्णी अनिल. | ||
| 630 | _aतळ्याकाठच्या सावल्या. | ||
| 700 | _aकुलकर्णी अनिल. | ||
| 730 | _aतळ्याकाठच्या सावल्या. | ||
| 942 | _cBOOK | ||
| 999 |
_c1332750 _d1332747 |
||